Who Wrote That? #13 - Statistics

General Stats
  • This quiz has been taken 54 times
  • The average score is 4 of 10
Answer Stats
Hint Explanation Answer % Correct
“When you play the game of thrones you win or you die.” A Game of Thrones George R. R. Martin
91%
“Very few castaways can claim to have survived so long at sea as Mr. Patel, and none in the company of an adult Bengal tiger.” The Life of Pi Yann Martel
75%
“You forget what you want to remember, and you remember what you want to forget.” The Road Cormac McCarthy
38%
“The world breaks everyone, and afterward, many are strong at the broken places.” A Farewell to Arms Ernest Hemingway
34%
“Isn’t it nice to think that tomorrow is a new day with no mistakes in it yet?” Anne of Green Gables L. M. Montgomery
34%
“From that time on, the world was hers for the reading. She would never be lonely again, never miss the lack of intimate friends. Books became her friends and there was one for every mood.” A Tree Grows in Brooklyn Betty Smith
22%
“Anyone who ever gave you confidence, you owe them a lot.” Breakfast at Tiffany’s Truman Capote
22%
“Once upon a time there was a boy who loved a girl, and her laughter was a question he wanted to spend his whole life answering.” The History of Love Nicole Krauss
19%
“I had the epiphany that laughter was light, and light was laughter, and that this was the secret of the universe.” The Goldfinch Donna Tartt
16%
“There are some things you learn best in calm, and some in storm.” The Song of the Lark Willa Cather
9%
No matching quizzes found
Score Distribution
Percent of People with Each Score
Percentile by Number Answered
Your Score History
You have not taken this quiz